Prezentuje sa Georgetown University Rešpektovať logickú nadväznosť vývoja

Stretnutie absolventov programu Pew economic freedom fellows v Bratislave. S profesorom Georgetownskej univerzity Georgeom J. Viksninsom o skúsenostiach ekonomík juhovýchodnej Ázie, spoločné znaky, dôraz na logickú nadväznosť vývoja pri transformačnom programe. Transformácia ekonomiky v Litve, prech...

Ausführliche Beschreibung

Gespeichert in:
Bibliographische Detailangaben
1. Verfasser: Viksnins, G.J
Weitere Verfasser: Dolgoš, Ľubomír
Format: Buchkapitel
Sprache:Slowakisch
Schlagworte:
Tags: Tag hinzufügen
Keine Tags, Fügen Sie das erste Tag hinzu!

MARC

LEADER 00000naa a2200000 4500
001 r016182
005 20221213113528.8
041 0 |a slo 
044 |a SK 
245 1 0 |a Prezentuje sa Georgetown University  |b Rešpektovať logickú nadväznosť vývoja  |c G.J. Viksnins, Ľubomír Dolgoš 
520 |a Stretnutie absolventov programu Pew economic freedom fellows v Bratislave. S profesorom Georgetownskej univerzity Georgeom J. Viksninsom o skúsenostiach ekonomík juhovýchodnej Ázie, spoločné znaky, dôraz na logickú nadväznosť vývoja pri transformačnom programe. Transformácia ekonomiky v Litve, prechod na novú menu, personálne problémy. 
610 2 0 |a konferencie 
610 2 0 |a ASEAN 
610 2 0 |a transformácia 
610 2 0 |a Litva 
610 2 0 |a mena 
610 2 0 |a financie medzinárodné 
610 2 0 |a Georgetown University Washington 
610 2 0 |a NIK 
100 1 |a Viksnins, G.J. 
700 1 |a Dolgoš, Ľubomír